000
00288nam a22001337a 4500
008
180316b xxu||||| |||| 00| 0 eng d
020
_a
0516017012
041
_a
eng
080
_a
78
100
_a
45
101
_a
mus
245
_a
a new true book music
_c
greene.c
942
_2
udc
_c
BK
999
_c
45275
_d
45275